World Cup Champions or Runners-up Countries - Sudden Death - Statistics

General Stats
  • This quiz has been taken 236 times
  • The average score is 8 of 13
Answers on the Grid
Answers color-coded by a green-red scale on the quiz's grid according to % correct below.
Argentina
Austria
Belgium
Brazil
Bulgaria
Chile
Colombia
Croatia
Czechoslovakia
Denmark
England
France
Germany
Hungary
Italy
Mexico
Morocco
Netherlands
Poland
Portugal
Romania
South Korea
Soviet Union
Spain
Sweden
Switzerland
Turkey
Uruguay
USA
Yugoslavia
 
Answer Stats
Answer % Correct
Argentina
96%
Brazil
84%
France
76%
Germany
75%
England
73%
Italy
71%
Croatia
65%
Spain
65%
Netherlands
58%
Uruguay
58%
Hungary
39%
Czechoslovakia
37%
Sweden
35%
No matching quizzes found
Score Distribution
Percent of People with Each Score
Percentile by Number Answered
Your Score History
You have not taken this quiz